[Event "World Senior chT-50 2019"]
[Site "Rhodes"]
[Date "2019.04.17"]
[Round "2.15"]
[White "Kaspi, Alexander"]
[Black "Jackson, Sheila"]
[Result "1-0"]
[WhiteElo "2452"]
[BlackElo "2051"]
[Annotator "TA"]
[PlyCount "114"]
[EventDate "2019.04.16"]
[EventType "team-tourn"]
[EventCountry "GRE"]
[SourceTitle "playchess.com"]
[Source "ChessBase"]
[SourceQuality "1"]
[WhiteTeam "Israel"]
[BlackTeam "England"]
[WhiteTeamCountry "ISR"]
[BlackTeamCountry "ENG"]

{[%evp 15,114,31,34,23,37,30,28,23,41,33,56,56,56,37,63,61,63,50,81,55,103,45,103,45,72,60,53,53,50,50,50,45,82,72,85,89,84,67,85,83,89,78,89,73,82,70,64,64,94,78,87,78,80,80,148,137,142,129,223,149,198,154,313,256,229,0,335,113,200,183,210,154,154,146,154,148,159,133,164,120,133,119,131,84,107,100,217,213,296,307,281,287,748,266,766,908,900,884,888,845,1638]} 1. c4 Nf6 2. Nc3 c5 3. e4 e5 4. g3 d6 5. Bg2 Nc6 6. d3 g6 7. Nge2 Bg7 8. O-O O-O 9. a3 {A36: Symmetrical English vs ...g6: 4 Bg2 Bg7} Nd4 10. b4 b6 11. Rb1 {White has an edge.} Bg4 $146 ({Predecessor:} 11... Be6 12. h3 Rc8 13. Kh2 Nh5 14. Bd2 Kh8 15. a4 {1-0 (43) Grischuk,A (2771)-Mamedov,R (2660) Moscow 2010}) 12. f3 Nxe2+ 13. Qxe2 Bd7 14. Be3 h6 15. Qd2 Kh7 16. Rb3 {[%cal Bb1b3,Bb3a3,Ba3a7][%mdl 32]} Qc8 17. Rfb1 Rd8 18. b5 (18. a4 $16) 18... Rb8 (18... Qc7 $14) 19. Qb2 ({Better is} 19. a4 $16) 19... Be6 20. a4 {[%cal Ba3a4,Ba4a5][%mdl 32]} Nh5 21. Ra3 f5 22. a5 f4 23. Bf2 fxg3 24. hxg3 Rf8 25. axb6 axb6 26. Ra7 Rb7 27. Rba1 Rff7 28. Rxb7 Rxb7 29. Ra6 Nf6 30. Qa1 Qd7 31. Kh2 Bf8 32. Na4 Qc7 33. Bh3 Bxh3 34. Kxh3 Be7 (34... h5 $142) 35. Kg2 $16 Bd8 36. Nc3 Qd7 (36... g5 $16 37. Qh1 Qg7) 37. Be3 Qg7 38. Ra8 Qd7 $2 (38... Rd7 $16 39. Qh1 g5) 39. Qa6 {[#] Rxd8! is the strong threat.} Be7 40. Qa1 $2 (40. Bd2 $18) 40... h5 $2 {[%mdl 8192]} (40... Bd8 $1 $11 {and Black is okay.}) 41. Ra6 $2 (41. Qa6 $18) 41... Kg7 (41... Ne8 $16 42. Nd5 Nc7) 42. Qc1 Bd8 43. Bg5 Nh7 44. Bh6+ Kf7 {[#] aiming for ...g5.} 45. Be3 g5 46. Nd5 $36 {[%mdl 2048] White is really pushing.} Kg6 47. Bf2 Nf6 48. Ne3 Ne8 49. g4 hxg4 50. fxg4 Nf6 (50... Nc7 $16 {keeps fighting.}) 51. Qd1 $18 Ra7 52. Qf3 Rb7 53. Ra8 Bc7 $2 (53... Ra7 54. Qf5+ Kh6) 54. Kg3 $2 (54. Rf8 Bd8 55. Nf5) 54... Rb8 $2 (54... Bd8 55. Qf5+ Kh6) 55. Ra7 {White is clearly winning.} Rc8 56. Be1 Qe6 57. Bd2 Bd8 {Accuracy: White = 41%, Black = 26%.} 1-0

[Event "World Senior chT-50 2019"]
[Site "Rhodes"]
[Date "2019.04.17"]
[Round "2.16"]
[White "Homer, Stephen J"]
[Black "Gruenfeld, Yehuda"]
[Result "0-1"]
[WhiteElo "2039"]
[BlackElo "2428"]
[Annotator "TA"]
[PlyCount "78"]
[EventDate "2019.04.16"]
[EventType "team-tourn"]
[EventCountry "GRE"]
[SourceTitle "playchess.com"]
[Source "ChessBase"]
[SourceQuality "1"]
[WhiteTeam "England"]
[BlackTeam "Israel"]
[WhiteTeamCountry "ENG"]
[BlackTeamCountry "ISR"]

{[%evp 21,78,0,16,0,0,-28,30,17,9,7,0,15,12,23,29,22,21,0,24,19,43,10,44,10,33,-33,-30,-25,0,0,-8,-297,-279,-281,-299,-405,-375,-425,-457,-533,-533,-518,-440,-688,-650,-737,-486,-793,-622,-629,-489,-481,-474,-695,-693,-946,-658,-830,-605]} 1. e4 c5 2. Nf3 d6 3. d4 cxd4 4. Nxd4 Nf6 5. Nc3 e6 6. g3 Be7 7. Bg2 O-O 8. O-O a6 9. a4 Nc6 10. h3 Bd7 11. Be3 Rc8 12. Nde2 {B80: Sicilian Scheveningen: 6 g3 and 6 Be3, including English Attack} Qc7 13. g4 g6 $146 (13... h6 $142) ({Predecessor:} 13... Nb4 14. g5 Ne8 {½-½ (14) Georgiev,K (2401)-Zhou,Y (2463) Sunny Beach 2015}) 14. f4 {White has an edge.} Nb4 15. Ng3 d5 16. e5 Bc5 17. Bxc5 Qxc5+ 18. Kh2 Ne8 19. Nge2 Nc6 {[%cal Bb4c6,Bc6e5,Be5f3][%mdl 32]} 20. Qd2 Nc7 21. Rae1 Rfe8 22. Ng3 Kh8 23. f5 (23. Ra1 $14) 23... exf5 $15 24. gxf5 {Threatens to win with e6!} Nxe5 25. fxg6 fxg6 26. Qh6 $2 {[%mdl 8192] [#]} (26. Re2 $11 {and White stays safe.}) 26... Nf3+ $1 $19 {[%mdl 576] Discovered Attack, Deflection} 27. Rxf3 {White wants to mate with Rf7!} Rxe1 {[%csl Ge1][%cal Rc5g1]} 28. Bf1 {Hoping for Rf7!} Qe7 29. Bd3 {White hopes to continue with Bxg6.} Qg7 {Black is clearly winning.} 30. Qf4 Re5 31. Qb4 Bc6 32. Qg4 (32. Nce2 $142) 32... Ne6 33. Nce2 Rf8 34. Nf4 (34. Nd4 $142 Rf6 35. Rf1) 34... Nxf4 35. Rxf4 Rxf4 36. Qxf4 Re8 37. c3 (37. Ne2 $142) 37... Rf8 38. Qe3 Qf6 39. Kg1 Qf4 {Accuracy: White = 18%, Black = 55%.} 0-1

[Event "World Senior chT-50 2019"]
[Site "Rhodes"]
[Date "2019.04.17"]
[Round "2.17"]
[White "Shabalov, Alexander"]
[Black "Boensch, Uwe"]
[Result "1-0"]
[WhiteElo "2510"]
[BlackElo "2525"]
[Annotator "TA"]
[PlyCount "73"]
[EventDate "2019.04.16"]
[EventType "team-tourn"]
[EventCountry "GRE"]
[SourceTitle "playchess.com"]
[Source "ChessBase"]
[SourceQuality "1"]
[WhiteTeam "United States"]
[BlackTeam "Germany"]
[WhiteTeamCountry "USA"]
[BlackTeamCountry "GER"]

{[%evp 18,73,10,10,10,11,25,21,25,25,33,6,25,26,30,7,35,35,52,18,27,18,16,17,46,40,41,43,44,61,43,28,57,37,42,35,35,33,47,50,52,45,56,47,87,71,274,274,261,262,274,281,281,254,241,246,283,273]} 1. d4 d5 2. c4 e6 3. Nf3 Nf6 4. Nc3 Be7 5. Bf4 O-O 6. e3 c5 7. dxc5 Bxc5 8. cxd5 Nxd5 9. Nxd5 exd5 10. Bd3 Bb4+ {D37: Queen's Gambit Declined: 5 Bf4} 11. Nd2 Nc6 12. O-O Be7 {The position is equal.} 13. a3 Bf6 14. Rc1 ({Don't play} 14. Qh5 g6 $17) 14... g6 15. b4 {[%cal Bb2b4,Bb4b5][%mdl 32]} a5 (15... Qe7 16. Nf3 Rd8 17. h3 Ne5 18. Nxe5 Bxe5 {½-½ (39) Caruana,F (2822)-Anand,V (2768) Saint Louis 2018}) 16. b5 Ne5 17. Be2 {[#]} a4 $146 ({Predecessor:} 17... Be6 18. Nb3 {½-½ (41) Kalinitschew,S (2426)-Meier,G (2644) Apolda 2017}) 18. Nb1 Be6 19. Nc3 Rc8 20. Qxa4 Nc4 {[#] White must now prevent ...Nd2.} 21. Ne4 Be7 22. Bxc4 Rxc4 23. Rxc4 dxc4 24. Be5 f6 25. Rd1 Qa8 26. Qxa8 $1 Rxa8 27. Bxf6 Bxf6 28. Nxf6+ $14 {[%mdl 4096] Endgame KRB-KRN} Kg7 29. Ne4 {aiming for a4.} Rxa3 30. h4 Bf5 31. Nd6 {[%mdl 64] Double Attack} Bd3 $2 (31... c3 $16 {is a better defense.}) 32. Nxb7 $18 c3 {[#]} 33. b6 $1 ({And not} 33. Rxd3 c2 $11) 33... c2 34. Rc1 {And now Nc5 would win.} Rc3 {intending ...Rc6.} 35. f3 Rc6 36. Kf2 Rxb6 37. Nc5 {Accuracy: White = 80%, Black = 48%.} 1-0

[Event "World Senior chT-50 2019"]
[Site "Rhodes"]
[Date "2019.04.17"]
[Round "2.18"]
[White "Stangl, Markus"]
[Black "Benjamin, Joel"]
[Result "1/2-1/2"]
[WhiteElo "2432"]
[BlackElo "2523"]
[Annotator "TA"]
[PlyCount "40"]
[EventDate "2019.04.16"]
[EventType "team-tourn"]
[EventCountry "GRE"]
[SourceTitle "playchess.com"]
[Source "ChessBase"]
[SourceQuality "1"]
[WhiteTeam "Germany"]
[BlackTeam "United States"]
[WhiteTeamCountry "GER"]
[BlackTeamCountry "USA"]

{[%evp 17,40,52,49,17,23,11,55,13,5,1,27,0,0,0,0,-4,0,0,6,5,10,10,27,30,37]} 1. e4 e5 2. Nf3 Nc6 3. Nc3 Nf6 4. d4 Bb4 5. Nxe5 Qe7 6. Qd3 Nxe5 7. dxe5 Qxe5 8. Bd2 O-O 9. O-O-O d6 10. f4 {C47: Scotch Four Knights and Four Knights with 4 g3} (10. f3 a6 11. g4 Re8 12. Bg2 Be6 13. a3 Bc5 14. g5 Nh5 15. Ne2 Bb6 16. f4 Qc5 17. Qf3 g6 {1-0 (104) Korpa,B (2506)-Collutiis,D (2415) Spilimbergo 2018}) 10... Qe6 11. Re1 c6 12. e5 $146 {White is slightly better.} ({Predecessor:} 12. a3 Ba5 13. h3 Bc7 14. g4 b5 15. g5 Nd7 16. f5 Qe5 17. Qf3 Re8 18. Bd3 Nc5 19. Bxb5 cxb5 20. Nd5 Bd8 21. Bc3 Bxg5+ 22. Kb1 Nxe4 {0-1 (22) Evers,U-Rodeike,H DDR 1981}) 12... dxe5 13. Rxe5 Qd7 14. Qxd7 Bxd7 15. Bd3 Rfe8 16. Ree1 Rxe1+ 17. Rxe1 Re8 18. Rxe8+ Bxe8 19. Ne4 Bxd2+ 20. Kxd2 Nxe4+ 1/2-1/2

[Event "World Senior chT-50 2019"]
[Site "Rhodes"]
[Date "2019.04.17"]
[Round "2.19"]
[White "Novikov, Igor"]
[Black "Brendel, Oliver"]
[Result "0-1"]
[WhiteElo "2563"]
[BlackElo "2339"]
[Annotator "TA"]
[PlyCount "120"]
[EventDate "2019.04.16"]
[EventType "team-tourn"]
[EventCountry "GRE"]
[SourceTitle "playchess.com"]
[Source "ChessBase"]
[SourceQuality "1"]
[WhiteTeam "United States"]
[BlackTeam "Germany"]
[WhiteTeamCountry "USA"]
[BlackTeamCountry "GER"]

{[%evp 22,120,19,-11,180,186,181,187,194,199,191,183,197,196,180,111,116,120,107,122,122,134,122,92,141,139,147,136,161,101,114,110,114,66,72,22,33,24,31,37,29,10,10,9,12,12,13,8,20,20,22,22,29,27,27,27,41,27,40,27,54,54,54,54,39,0,136,137,129,129,266,266,252,195,195,195,195,175,171,163,162,155,169,162,160,162,162,160,154,149,147,140,154,140,203,195,187,185,558,484,29983]} 1. d4 Nf6 2. c4 g6 3. Nc3 d5 4. Nf3 Bg7 5. e3 O-O 6. Bd2 c5 7. dxc5 Na6 8. cxd5 Nxc5 9. Bc4 Bf5 10. O-O Rc8 11. Qe2 a6 12. a4 b5 $146 {D94: Grünfeld: 4 Nf3 Bg7 5 e3} (12... Nfe4 $11 {and Black stays safe.}) ({Predecessor:} 12... Nfe4 13. Rfd1 Nd6 14. Be1 Nxc4 15. Qxc4 Bc2 16. Qb4 Bxd1 17. Rxd1 Qd7 18. Nd4 Rfd8 19. f3 Qc7 20. Bf2 {0-1 (33) Dydyshko,V (2506)-Tukmakov,V (2540) Minsk 2018}) 13. axb5 $18 axb5 14. Nxb5 ({But not} 14. Bxb5 $6 Nxd5 15. Ra3 Nc7 $16) 14... Nxd5 {White is clearly better.} 15. Nfd4 Nb6 16. Ba5 Nb7 {[%cal Bc5b7,Bb7a5,Ba5b3][%mdl 32]} 17. Nxf5 Nxa5 {[#]} 18. Rfd1 ({Not} 18. Rxa5 Nxc4 19. Ra4 Nxb2 $17) ({White should play} 18. Bxf7+ $1 $18 Rxf7 19. Nxg7) 18... Qe8 $16 19. Nxg7 ({Of course not} 19. Rxa5 $6 Nxc4 20. Rc1 gxf5 $11) 19... Kxg7 20. Bd3 Nb3 21. Rab1 Rc5 22. Nc3 {[%cal Bb5c3,Bc3e4,Be4g3][%mdl 32] Black must now prevent Qc2.} Na4 23. Ne4 {Hoping for Bc4.} Rh5 24. Ng3 Ra5 {[#]} 25. Bc4 (25. Bc2 $1 $18 {[%cal Rc2b3]} Nac5 26. Rd5) 25... Nac5 26. Qc2 Qa4 27. Ne4 (27. Qc3+ {is interesting.} f6 28. h4 Rb8 29. h5 Qb4 30. Qc2) 27... Qb4 $1 28. Nxc5 Rxc5 29. Qxb3 Rxc4 30. Qxb4 Rxb4 {[%mdl 4096] Endgame KRR-KRR} 31. Rd2 Rfb8 32. Kf1 h5 33. Ke2 h4 34. Kd3 R4b6 35. Kc2 Rc6+ 36. Kd1 Rb3 37. Rc1 Rcb6 38. Rcc2 g5 39. Kc1 Kf6 40. Rc4 e6 41. h3 Kg6 42. Kb1 f5 43. e4 g4 (43... f4 $1 $11 {remains equal.}) 44. exf5+ exf5 45. hxg4 fxg4 (45... h3 $16) 46. Rxg4+ $18 {[%mdl 64] Double Attack} Kh5 47. Rgd4 Rb8 48. Ka2 R3b7 49. Rd7 Rb3 50. R7d5+ Kg6 51. R5d3 R3b5 52. Rd6+ Kf7 53. R6d4 Ra5+ 54. Kb1 Rg5 55. Rxh4 Rxg2 56. b4 Ke6 57. Kb2 Rf8 (57... Rg1 $16 58. Re4+ Kf5) 58. Re4+ Kf5 59. Re3 {Threatens to win with Rf3+.} Rg4 $2 (59... Rb8) 60. Rf3+ Ke4 {[%mdl 32768] Accuracy: White = 64%, Black = 41%. . Sensor Board Error (Ke4/e5)?} (60... Rf4 $18) 0-1

[Event "World Senior chT-50 2019"]
[Site "Rhodes"]
[Date "2019.04.17"]
[Round "2.20"]
[White "Maier, Christian"]
[Black "Yermolinsky, Alex"]
[Result "0-1"]
[WhiteElo "2325"]
[BlackElo "2508"]
[Annotator "TA"]
[PlyCount "82"]
[EventDate "2019.04.16"]
[EventType "team-tourn"]
[EventCountry "GRE"]
[SourceTitle "playchess.com"]
[Source "ChessBase"]
[SourceQuality "1"]
[WhiteTeam "Germany"]
[BlackTeam "United States"]
[WhiteTeamCountry "GER"]
[BlackTeamCountry "USA"]

{[%evp 11,82,24,35,26,69,67,62,61,84,79,97,38,29,-42,0,0,-9,-8,0,0,8,-33,-29,-44,0,0,0,-27,-8,-17,12,16,49,-17,-15,-26,-18,-245,-237,-232,-237,-214,-206,-198,-191,-196,-158,-159,-162,-307,-203,-208,-200,-312,-208,-472,-452,-460,-452,-491,-444,-478,-492,-549,-555,-578,-422,-535,-536,-525,-418,-394,-388]} 1. e4 c5 2. Nf3 e6 3. d4 cxd4 4. Nxd4 Nf6 5. Nc3 d6 6. Be3 Be7 7. Qe2 {B80: Sicilian Scheveningen: 6 g3 and 6 Be3, including English Attack} (7. f3 O-O 8. Qd2 Nc6 9. O-O-O d5 10. Be2 dxe4 11. Nxc6 bxc6 12. Qxd8 Rxd8 13. Rxd8+ Bxd8 14. Rd1 Be7 15. Nxe4 Nxe4 16. fxe4 e5 17. Bc4 Kf8 18. c3 {½-½ (65) So,W (2780)-Duda,J (2737) chess.com INT 2018}) 7... a6 8. O-O-O Qc7 9. g4 {White is slightly better.} b5 {[%cal Bb7b5,Bb5b4][%mdl 32]} 10. g5 Nfd7 11. Bg2 $146 (11. a3 $16) ({Predecessor:} 11. a3 Bb7 12. f4 Nc5 13. Bg2 Nbd7 14. h4 Nb6 {1-0 (29) Libiszewski,F (2481)-Blomqvist,E (2497) Stockholm 2019}) 11... b4 $14 12. Nb1 (12. Nd5 $1 $11 exd5 13. Nf5) 12... Bb7 13. f4 Nc6 14. f5 e5 15. Nxc6 Bxc6 16. c4 Qa5 17. b3 Nc5 18. h4 O-O-O 19. Qc2 f6 20. Nd2 Qa3+ 21. Kb1 a5 22. Qb2 ({Better is} 22. h5 $14) 22... Qxb2+ $11 23. Kxb2 Kc7 24. Rhe1 $2 {[#]} (24. Bf3 $11 {and White has nothing to worry.}) 24... Nd3+ $19 25. Kc2 Nxe1+ 26. Rxe1 g6 {aiming for ...gxf5.} 27. Bh3 Rhg8 28. Rg1 Rdf8 29. fxg6 hxg6 30. Kd3 (30. gxf6 {was the only defense.} Bxf6 31. c5) 30... Bd7 31. Bxd7 Kxd7 32. Rg2 (32. gxf6 {was called for.} Bxf6 33. Nf3) 32... Ke6 33. Ke2 $2 {[#]} (33. gxf6 Kxf6 34. Bh6) 33... fxg5 34. hxg5 Rh8 35. Bb6 Bd8 36. Be3 Rh1 37. c5 Ra1 38. cxd6 Kxd6 39. Kd3 Ke6 40. Bc5 Be7 41. Bxe7 Kxe7 {Accuracy: White = 36%, Black = 47%.} 0-1

[Event "World Senior chT-50 2019"]
[Site "Rhodes"]
[Date "2019.04.17"]
[Round "2.21"]
[White "Ross, David"]
[Black "Godena, Michele"]
[Result "1/2-1/2"]
[WhiteElo "2312"]
[BlackElo "2459"]
[Annotator "TA"]
[PlyCount "38"]
[EventDate "2019.04.16"]
[EventType "team-tourn"]
[EventCountry "GRE"]
[SourceTitle "playchess.com"]
[Source "ChessBase"]
[SourceQuality "1"]
[WhiteTeam "Canada"]
[BlackTeam "Italy"]
[WhiteTeamCountry "CAN"]
[BlackTeamCountry "ITA"]

{[%evp 11,38,36,35,30,32,39,31,23,32,28,31,33,44,2,13,10,13,4,10,9,0,0,14,16,33,22,18,16,19]} 1. d4 d5 2. c4 dxc4 3. e3 e5 4. Bxc4 exd4 5. exd4 Bd6 6. Nf3 Nf6 7. Qe2+ {D20: Queen's Gambit Accepted: 3 e3 and 3 e4} Qe7 8. Qxe7+ Bxe7 9. O-O {White is slightly better.} O-O 10. Nc3 (10. Re1 Bd6 11. Nc3 a6 12. Bg5 Nbd7 13. a4 h6 14. Bh4 g5 15. Bg3 Kg7 16. Bb3 Re8 17. Ne5 Re7 {½-½ (17) Li,C (2724)-Alekseenko,K (2625) Qinhuangdao 2018}) 10... Nc6 11. Re1 h6 12. a3 $146 {[#] Black must now prevent d5.} ({Predecessor:} 12. h3 Bd6 13. Nb5 Nb4 14. Re2 Nbd5 15. Nxd6 cxd6 {0-1 (58) Nyback,T (2572)-Edouard,R (2607) Heraklio 2017}) 12... Bd6 13. Nb5 Re8 14. Be3 Be6 15. Nxd6 cxd6 16. Bb5 Bd5 17. Nd2 a6 18. Bd3 Rac8 19. f3 Na5 1/2-1/2

[Event "World Senior chT-50 2019"]
[Site "Rhodes"]
[Date "2019.04.17"]
[Round "2.22"]
[White "Garcia Palermo, Carlos"]
[Black "Ross, Paul"]
[Result "1-0"]
[WhiteElo "2407"]
[BlackElo "2237"]
[Annotator "TA"]
[PlyCount "97"]
[EventDate "2019.04.16"]
[EventType "team-tourn"]
[EventCountry "GRE"]
[SourceTitle "playchess.com"]
[Source "ChessBase"]
[SourceQuality "1"]
[WhiteTeam "Italy"]
[BlackTeam "Canada"]
[WhiteTeamCountry "ITA"]
[BlackTeamCountry "CAN"]

{[%evp 9,97,29,44,47,51,15,16,15,22,8,19,11,10,0,0,0,25,25,20,9,0,0,0,0,27,22,43,20,23,2,61,53,96,93,111,115,146,140,222,166,242,236,299,306,311,327,327,327,322,297,280,178,225,218,304,120,493,493,463,429,555,532,514,338,615,620,604,494,660,457,934,919,852,616,975,975,1491,1154,1479,1367,1183,698,1729,578,578,570,612,568,663,649]} 1. d4 g6 2. c4 Bg7 3. e4 d6 4. Ne2 e5 (4... Nf6 5. Nbc3 O-O 6. g3 Nc6 7. Bg2 e5 8. d5 Nd4 9. O-O c5 10. dxc6 bxc6 11. Nxd4 exd4 12. Qxd4 Ng4 13. Qd1 Ne5 14. b3 Nxc4 15. bxc4 Bxc3 16. Bh6 Re8 17. Rc1 Bh8 18. e5 Rxe5 19. Bxc6 Bh3 {0-1 (43) Nielsen,P (2639)-Fressinet,L (2668) Porto Vecchio 2017}) 5. d5 Ne7 6. Nbc3 {A41: 1 d4 d6: Tartakower System and Modern Defence} f5 7. g3 $146 ({Predecessor:} 7. f3 O-O 8. Bg5 h6 9. Bh4 Nd7 10. Nc1 g5 11. Bf2 Nf6 12. Bd3 c5 13. Qc2 f4 {0-1 (42) Ghersinich,E (2165)-Olcum,A (2187) Topusko 2017}) 7... Nd7 8. Bg2 {The position is equal.} Nf6 9. Qd3 a6 10. Bg5 h6 11. Bd2 O-O 12. O-O Bd7 13. a4 Qe8 14. a5 g5 15. exf5 Bxf5 16. Ne4 Qg6 {[%cal Rf5e4]} 17. N2c3 Kh8 18. Ra3 Rad8 19. Qe2 Neg8 (19... Bg4 $11 20. Qd3 Nxe4 21. Bxe4 Qf7) 20. Rb3 $14 Bc8 21. c5 Nxe4 22. Nxe4 ({Reject} 22. Bxe4 $6 Qf7 $14) 22... Nf6 23. Nxf6 Bxf6 (23... Rxf6 $16 {was called for.} 24. cxd6 Rfxd6) 24. Be4 Qg7 (24... Qf7 $142) 25. cxd6 $18 cxd6 26. Rc1 Rf7 27. Qh5 Kg8 {[#]} 28. h4 $1 {[%mdl 512]} Rdf8 (28... gxh4 29. Rxc8) 29. Be3 Be7 30. Rbc3 Bd7 31. Rc7 {[%mdl 64] Double Attack} Be8 {next ...Rf4 is good for Black.} 32. Qg6 $2 ({Less strong is} 32. Rxb7 Rf4 $16) (32. Bg6 $18) 32... Bd8 $2 {[%mdl 8192]} (32... Qxg6 $16 {is more resistant.} 33. Bxg6 Rg7) 33. Rxf7 Bxf7 34. Qxd6 Bxa5 35. hxg5 hxg5 36. Kg2 Rd8 $2 (36... Bd8 37. Rc8 Be7) 37. Qc5 {White is clearly winning.} b6 {[#]} 38. Qe7 $1 {[%mdl 512]} b5 39. Rh1 {Threatening mate with Rh7.} Bg6 (39... Re8 $142 40. Qd6 Bd8 41. Qxa6 Qf6 42. Qxb5 Be7) 40. Qe6+ {[%mdl 64] Double Attack} Bf7 41. Qf5 Rd6 42. Bc5 Bg6 43. Qc8+ Rd8 44. Qe6+ {[%mdl 64] Double Attack} Bf7 45. Qf5 Rxd5 46. b4 (46. Be7 $142 {White wants to mate with Rh7!} Bd8 {[#]} 47. Qc8 $1 {[%mdl 576] Double Attack}) 46... Bd8 {[#]} 47. Rh7 $1 {[%mdl 512]} Qf6 48. Rxf7 {[%csl Ge4,Gf7][%cal Rf5h7]} Qxf5 49. Rxf5 {Accuracy: White = 61%, Black = 30%.} 1-0

[Event "World Senior chT-50 2019"]
[Site "Rhodes"]
[Date "2019.04.17"]
[Round "2.23"]
[White "Barron, Michael"]
[Black "Bellia, Fabrizio"]
[Result "0-1"]
[WhiteElo "2124"]
[BlackElo "2447"]
[Annotator "TA"]
[PlyCount "126"]
[EventDate "2019.04.16"]
[EventType "team-tourn"]
[EventCountry "GRE"]
[SourceTitle "playchess.com"]
[Source "ChessBase"]
[SourceQuality "1"]
[WhiteTeam "Canada"]
[BlackTeam "Italy"]
[WhiteTeamCountry "CAN"]
[BlackTeamCountry "ITA"]

{[%evp 29,126,-12,17,-7,0,0,57,9,11,20,6,0,0,0,17,0,-8,-11,-8,-9,-5,-32,-48,-48,-45,-38,-27,-27,-37,-27,-25,-25,-13,-19,-6,-26,-22,-48,-39,-75,-75,-69,-53,-205,-89,-75,-53,-45,-21,-21,-13,-18,-19,-66,-66,-88,-88,-85,-88,-68,-79,-81,-88,-118,-114,-159,-126,-141,-132,-249,-168,-226,-227,-208,-212,-212,-222,-228,-237,-873,-860,-810,-708,-762,-745,-647,-502,-685,-518,-496,-178,-29972,-29967,-6863,-3076,-29978,-29980,-29977,-29975]} 1. e4 e5 2. Nf3 Nc6 3. Bb5 a6 4. Ba4 Nf6 5. O-O Be7 6. Re1 b5 7. Bb3 d6 8. c3 O-O 9. d4 Bg4 10. d5 Na5 11. Bc2 Qc8 12. h3 Bd7 13. Nbd2 c6 14. dxc6 Qxc6 15. Nf1 Nc4 16. a4 {C91: Closed Ruy Lopez: 7...d6 8 c3 0-0 9 d4} (16. Ng3 Rfe8 17. b3 Nb6 18. Be3 Rab8 19. Rc1 Qxc3 20. Bd3 Qa5 21. Bd2 Qa3 22. Rc2 Rec8 23. Bc1 Qa5 {½-½ (60) Gashimov,V (2740)-Svidler,P (2750) Nice 2010}) 16... Rfe8 17. Ng3 h6 ({Better is} 17... Qc7 $11) 18. b3 {White is slightly better.} Na5 {[%cal Bc4a5,Ba5c6,Bc6a7,Ba7b5,Bb5a3][%mdl 32]} 19. Bd2 Qc7 20. axb5 axb5 21. Qe2 {[#]} Qb7 $146 ({Predecessor:} 21... Bf8 22. Ra2 Nb7 23. Rxa8 Rxa8 24. b4 Nd8 25. Bd3 Qb7 26. c4 bxc4 {½-½ (28) Balogh,C (2624)-Socko,B (2627) Warsaw 2008}) 22. c4 Nc6 23. cxb5 Na7 24. Bd3 Nxb5 25. Bc4 Na3 26. Qd3 Nxc4 27. bxc4 Rxa1 28. Rxa1 Bc6 {[%cal Rf6e4]} 29. Re1 Bf8 30. Bc3 Nd7 31. Rb1 Qc7 32. Nd2 Nc5 33. Qf1 {[#]} h5 $1 {[%mdl 512]} 34. f3 (34. Nxh5 Nxe4) 34... g6 35. Qe2 Ne6 36. Qe3 $2 {[#]} ({White should play} 36. Ndf1 $15) 36... Nf4 (36... d5 $1 $19 {[%mdl 512] has better winning chances.} 37. Qe1 (37. cxd5 Bc5) 37... d4) 37. Ne2 $17 Nxe2+ (37... Bh6 $5 {[%cal Rf4h3]} 38. Kh1 Rb8 $17) 38. Qxe2 Ra8 39. Nf1 Bd7 40. Ne3 Be6 41. Rd1 Ra4 42. Bd2 Qc5 43. Kh2 Bxc4 44. Nxc4 Qxc4 45. Qxc4 Rxc4 {[%mdl 4096] Endgame KRB-KRB} 46. Be3 f5 47. exf5 gxf5 48. Bg5 Kf7 49. Kg3 (49. Ra1 $17) 49... Kg6 50. f4 (50. h4 $142) 50... e4 $19 51. Kh4 Rc3 52. g4 hxg4 53. hxg4 {[#]} e3 $1 {[%cal Re3e2] And now ...e2 would win.} 54. Re1 $2 (54. Bd8) 54... d5 55. Bd8 Bd6 56. Kg3 Rc4 57. Bg5 Re4 58. Re2 d4 59. Kf3 Re8 $2 (59... Bb4 {White must now prevent ...d3.} 60. Bh4 d3 61. Rxe3 {[#]} d2 $1 {[%mdl 512]}) 60. Rh2 $2 (60. gxf5+ $19 Kxf5 61. Rb2) 60... fxg4+ {[%mdl 64] Overworked Piece} 61. Kxg4 e2 62. f5+ Kf7 63. Rh7+ Kg8 {Accuracy: White = 34%, Black = 61%.} 0-1